Dědečkovy pohádky /
Uloženo v:
| Hlavní autor: | |
|---|---|
| Další autoři: | , |
| Médium: | E-audiokniha |
| Jazyk: | Czech |
| Vydáno: |
[Brno] :
Edika,
[2017]
|
| Témata: | |
| Tagy: |
Žádné tagy |
| LEADER | 02953nim a2200721 i 4500 | ||
|---|---|---|---|
| 001 | 313053 | ||
| 003 | CZ PrSKC | ||
| 005 | 20260601215734.0 | ||
| 007 | sd fungnnmmned | ||
| 008 | 190613t20172017xr nnnng z n cze | ||
| 015 | |a cnb003102654 | ||
| 024 | 3 | |a 8594050423893 | |
| 040 | |a ABA001 |b cze |e rda | ||
| 072 | 7 | |a 821.162.3-3 |x Česká próza |2 Konspekt | |
| 072 | 7 | |a 821-93 |x Literatura pro děti a mládež (beletrie) |2 Konspekt | |
| 080 | |a 821.162.3-34 |2 MRF | ||
| 080 | |a (0:82-34) |2 MRF | ||
| 080 | |a (086.7.053.2) |2 MRF | ||
| 080 | |a (086.7)08 |2 MRF | ||
| 080 | |a (086.76) |2 MRF | ||
| 100 | 1 | |a Řezníček, Zdeněk, |d 1941-2018 |7 jk01110136 |4 aut | |
| 245 | 1 | 0 | |a Dědečkovy pohádky / |c Zdeněk Řezníček |
| 264 | 1 | |a [Brno] : |b Edika, |c [2017] | |
| 264 | 4 | |c ©2017 | |
| 300 | |a 1 audiodisk (2 hod., 3 min.) ; |c 12 cm | ||
| 306 | |a 020300 | ||
| 336 | |a mluvené slovo |b spw |2 rdacontent | ||
| 337 | |a audio |b s |2 rdamedia | ||
| 338 | |a audiodisk |b sd |2 rdacarrier | ||
| 344 | |a digital |b optical |2 rda | ||
| 347 | |a audio soubor |b MP3 |2 rda | ||
| 500 | |a Název z disku | ||
| 500 | |a Copyright Albatros Media | ||
| 500 | |a Nezkrácená audiokniha na jednom CD ve formátu MP3 | ||
| 508 | |a Režie Ondřej Jirásek | ||
| 511 | 0 | |a Čte Arnošt Goldflam | |
| 518 | |o Nahráno |d červen 2017 |p Recording Studio Škroupova Brno | ||
| 655 | 7 | |a české pohádky |7 fd133970 |2 czenas | |
| 655 | 7 | |a zvukové záznamy pro děti a mládež |7 fd186726 |2 czenas | |
| 655 | 7 | |a audioknihy |7 fd119452 |2 czenas | |
| 655 | 7 | |a kompaktní disky |7 fd201991 |2 czenas | |
| 700 | 1 | |a Jirásek, Ondřej, |d 1964- |7 jn20020211007 |4 drt | |
| 700 | 1 | |a Goldflam, Arnošt, |d 1946- |7 jn19990216051 |4 nrt | |
| 900 | |a ABA001 |b 18 | ||
| 044 | |a xr | ||
| 505 | 0 | 0 | |t Jak Lucinka hledala ztracen (11 min., 34 sek.) |
| 505 | 0 | 0 | |t Pohadka o zlem mraku (5 min., 19 sek.) |
| 505 | 0 | 0 | |t Pohadka o tom, proc ma jezek (1 min., 52 sek.) |
| 505 | 0 | 0 | |t Proc ma kohout hrebinek (2 min., 27 sek.) |
| 505 | 0 | 0 | |t Proc se rika, mlsna jako koza (3 min., 5 sek.) |
| 505 | 0 | 0 | |t O cvrckovi a hodinkach (1 min., 56 sek.) |
| 505 | 0 | 0 | |t O vyplakanem rybniku (4 min., 33 sek.) |
| 505 | 0 | 0 | |t O kralovskem prstenu (18 min., 1 sek.) |
| 505 | 0 | 0 | |t Pohadka o Strasilinkovi (18 min., 16 sek.) |
| 505 | 0 | 0 | |t Pohadka o morske kralovne (12 min., 26 sek.) |
| 505 | 0 | 0 | |t O malem pasackovi a divotvorne (10 min., 18 sek.) |
| 505 | 0 | 0 | |t O verne lasce (18 min., 33 sek.) |
| 505 | 0 | 0 | |t Pohadka o tom, proc je zebra (4 min., 14 sek.) |
| 505 | 0 | 0 | |t Proc maji cernousci kudrnate v (3 min., 19 sek.) |
| 505 | 0 | 0 | |t O zlem pocestnem a zacarovane (8 min., 54 sek.) |
| 910 | |a RBIT002 | ||
| 998 | |d 206728 |a https://core.palmknihy.cz/api/books/206728/cover?sia8s7 |b https://core.palmknihy.cz/api/books/206728/cover/400?sia8s7 |c https://core.palmknihy.cz/api/books/206728/cover/50?sia8s7 |e 2050-12-31 |i 8594050423893 |l 7487 |q 49 |r 1 |s https://www.palmknihy.cz/kniha/206728 |t audiobook |y 2017 |z 0 | ||
| 999 | |d 313051 | ||